In Dioscoridis Anazarbei de medica materia libros quinque, Amati lusitani Doctoris medici ac philosophi celeberrimi enarrationes eruditissimae : accesserunt huic operi praeter correctiones Lematum, etiam adnotationes R. Constantini, necnon simplicium picturae ex Leonharto Fuschsio Iacobo Dalechampio, atque alijs

Detalles Bibliográficos
Autor principal: Amatus Lusitanus
Otros Autores: Constantin, Robert, ca. 1530-1605, com, Fuchs, Leonhard, 1501-1566, Bonhomme, Mace, ed, Arnoullet, Balthazar
Formato: Libro
Lenguaje:Latin
Publicado: Lugduni : apud Matthiam Bonhomme, sub Clava Aurea, 1558.
Materias:
Colección:Banco de datos
Acervo:Universidad Autónoma Benito Juárez de Oaxaca. Biblioteca Francisco de Burgoa. Colección antigua
Descripción Física:[40] h., 807 p. : il. ; 8°
Tema general:Medicina
Notas:Portada tipográfica con viñeta en grabado xilográfico.Texto a renglón seguido con paginación en números arábigos, apostillas marginales, reclamos y signaturas. Incluye ilustraciones en grabado xilográfico. Incluye capitulares con motivos arabescos en grabado xilográfico. Colofón: Lugduni, excudebat vidua Balthazaris Arnolleti. Encuadernación en pergamino. Marca de fuego: Casa del Noviciado de la Compañía de Jesús de Oaxaca, Oax. Marca de fuego: Convento de Santo Domingo de Oaxaca, Oax. Anotaciones manuscritas en la portada. Nota de expurgo: emendosse segun el nuevo expurgo. en 29 de junio de 1615 ...". Nota de expurgo: "en virtud de comission del Sto. officio de este libro ... halle expurgado segun el expurgatorio del año de 1707 a 13 de septiembe. de 1717. Fr. Leonardo Levanto". Daños en la encuadernación, tapas desprendidas
LEADER 02047nam a22002410004500
035 |a 4564 
041 0 |a lat 
100 1 |a Amatus Lusitanus 
245 1 0 |a In Dioscoridis Anazarbei de medica materia libros quinque, Amati lusitani Doctoris medici ac philosophi celeberrimi enarrationes eruditissimae : accesserunt huic operi praeter correctiones Lematum, etiam adnotationes R. Constantini, necnon simplicium picturae ex Leonharto Fuschsio Iacobo Dalechampio, atque alijs 
260 |a Lugduni : apud Matthiam Bonhomme, sub Clava Aurea, 1558. 
300 |a [40] h., 807 p. : il. ; 8° 
500 |a Portada tipográfica con viñeta en grabado xilográfico.Texto a renglón seguido con paginación en números arábigos, apostillas marginales, reclamos y signaturas. Incluye ilustraciones en grabado xilográfico. Incluye capitulares con motivos arabescos en grabado xilográfico. Colofón: Lugduni, excudebat vidua Balthazaris Arnolleti. Encuadernación en pergamino. Marca de fuego: Casa del Noviciado de la Compañía de Jesús de Oaxaca, Oax. Marca de fuego: Convento de Santo Domingo de Oaxaca, Oax. Anotaciones manuscritas en la portada. Nota de expurgo: emendosse segun el nuevo expurgo. en 29 de junio de 1615 ...". Nota de expurgo: "en virtud de comission del Sto. officio de este libro ... halle expurgado segun el expurgatorio del año de 1707 a 13 de septiembe. de 1717. Fr. Leonardo Levanto". Daños en la encuadernación, tapas desprendidas 
504 |a Al principio de la obra está el índice de cosas y palabras 
600 1 4 |a Pedacio Dioscórides Anazarbeo, ca. 40-c. 90 
650 1 0 |a Medicina 
700 1 |a Constantin, Robert, ca. 1530-1605, com. 
700 1 |a Fuchs, Leonhard, 1501-1566 
700 1 |a Bonhomme, Mace, ed. 
700 1 |a Arnoullet, Balthazar 
852 |a Universidad Autónoma "Benito Juárez" de Oaxaca, Biblioteca Francisco de Burgoa, Colección antigua 15201 
942 |c BURANT 
943 |g Universidad Autónoma Benito Juárez de Oaxaca. Biblioteca Francisco de Burgoa. Colección antigua 
999 |c 1115575  |d 1115575